Higher or Lower: 2000s Movies - Statistics

General Stats
  • This quiz has been taken 29 times
  • The average score is 13 of 20
Answer Stats
Hint Answer % Correct
Avatar Higher
100%
28 Days Later Higher
85%
Iron Man Higher
81%
Gran Torino Higher
81%
Disaster Movie Lower
81%
Remember the Titans Higher
77%
Mystic River Higher
69%
The Curious Case of Benjamin Button Higher
69%
Fred Claus Lower
69%
American Psycho Higher
65%
Into the Wild Higher
62%
Land of the Lost Lower
62%
Memento Higher
54%
Public Enemies Higher
54%
Me, Myself & Irene Lower
54%
Resident Evil Lower
50%
Shortcut to Happiness Lower
46%
Kingdom of Heaven Lower
42%
The Da Vinci Code Lower
27%
Pirates of the Caribbean: At World's End Lower
23%
No matching quizzes found
Score Distribution
Percent of People with Each Score
Percentile by Number Answered
Your Score History
You have not taken this quiz